[Event "Andorra op 37th"]
[Site "Escaldes"]
[Date "2019.08.01"]
[Round "6"]
[White "Blom, Vincent"]
[Black "Trouve, Guillaume"]
[Result "1/2-1/2"]
[WhiteElo "2306"]
[BlackElo "2114"]
[PlyCount "52"]
[EventDate "2019.07.27"]
[EventType "swiss"]
[EventRounds "9"]
[EventCountry "AND"]
[SourceTitle "CBM 191 Extra"]
[Source "ChessBase"]
[SourceDate "2019.09.30"]
[SourceVersion "1"]
[SourceVersionDate "2019.09.30"]
[SourceQuality "1"]

1. d4 Nf6 2. Nf3 e6 3. Bf4 d5 4. e3 Bd6 5. Bg3 c5 6. c3 0-0 7. Nbd2 Qc7 8. Bd3 Nbd7 9. 0-0 Bxg3 10. hxg3 e5 11. Be2 b6 12. b3 Bb7 13. Rc1 g6 14. c4 e4 15. Ng5 cxd4 16. exd4 e3 17. cxd5 exf2+ 18. Kxf2 Qd6 19. Nde4 Qxd5 20. Bf3 Qf5 21. Kg1 Bxe4 22. Bxe4 Qxg5 23. Bxa8 Qe3+ 24. Kh2 Qh6+ 25. Kg1 Qe3+ 26. Kh2 Qh6+ 1/2-1/2

[Event "Avoine op 33rd"]
[Site "Avoine"]
[Date "2018.07.24"]
[Round "4"]
[White "Trouve, Guillaume"]
[Black "Tomasi, Elise"]
[Result "1-0"]
[WhiteElo "2176"]
[BlackElo "1847"]
[PlyCount "53"]
[EventDate "2018.07.21"]
[EventType "swiss"]
[EventRounds "9"]
[EventCountry "FRA"]
[SourceTitle "CBM 185 Extra"]
[Source "ChessBase"]
[SourceDate "2018.07.29"]
[SourceVersion "1"]
[SourceVersionDate "2018.07.29"]
[SourceQuality "1"]

1. e4 e5 2. Nf3 Nc6 3. Bb5 a6 4. Ba4 Nf6 5. 0-0 b5 6. Bb3 Bc5 7. a4 Rb8 8. Nxe5 Nxe5 9. d4 Bxd4 10. Qxd4 d6 11. f4 Nc6 12. Qc3 Bb7 13. e5 Ne4 14. Qe3 d5 15. axb5 axb5 16. Nd2 Nxd2 17. Bxd2 d4 18. Qg3 0-0 19. f5 d3 20. c3 Kh8 21. Bg5 Qc8 22. f6 g6 23. e6 fxe6 24. f7 h5 25. Rae1 Nd8 26. Bxd8 Qxd8 27. Qxg6 1-0

[Event "FRA-ch Accession"]
[Site "Agen"]
[Date "2017.08.26"]
[Round "8"]
[White "Trouve, Guillaume"]
[Black "Le Goff, Ronan"]
[Result "1-0"]
[WhiteElo "2214"]
[BlackElo "2280"]
[PlyCount "69"]
[EventDate "2017.08.19"]
[EventType "swiss"]
[EventRounds "9"]
[EventCountry "FRA"]
[SourceTitle "EXT 2019"]
[Source "ChessBase"]
[SourceDate "2018.10.10"]
[SourceVersion "1"]
[SourceVersionDate "2018.10.10"]
[SourceQuality "1"]

1. e4 e5 2. Nf3 Nc6 3. Bb5 g6 4. c3 a6 5. Ba4 Bg7 6. d4 exd4 7. cxd4 b5 8. Bb3 d6 9. Bg5 Nge7 10. h3 h6 11. Be3 Na5 12. Bc2 Nc4 13. Bc1 0-0 14. b3 Nb6 15. Bb2 d5 16. e5 Bf5 17. Nbd2 Qd7 18. Rc1 Rac8 19. 0-0 g5 20. Ba3 Rfe8 21. Re1 Ng6 22. Nf1 Nf4 23. Ne3 Bg6 24. g3 Bxc2 25. Rxc2 Ng6 26. Kg2 Qe6 27. Qd3 Nd7 28. Rec1 c6 29. Nf5 Red8 30. Nd6 Rc7 31. Rxc6 Rxc6 32. Rxc6 Ndxe5 33. dxe5 Nxe5 34. Nxe5 Bxe5 35. Nf5 1-0

[Event "FRA-ch Accession"]
[Site "Agen"]
[Date "2017.08.19"]
[Round "2"]
[White "Trouve, Guillaume"]
[Black "Pigeat, Alexandre"]
[Result "1-0"]
[WhiteElo "2214"]
[BlackElo "2286"]
[PlyCount "83"]
[EventDate "2017.08.19"]
[EventType "swiss"]
[EventRounds "9"]
[EventCountry "FRA"]
[SourceTitle "EXT 2019"]
[Source "ChessBase"]
[SourceDate "2018.10.10"]
[SourceVersion "1"]
[SourceVersionDate "2018.10.10"]
[SourceQuality "1"]

1. e4 e6 2. d4 d5 3. Nc3 Bb4 4. e5 Ne7 5. a3 Bxc3+ 6. bxc3 b6 7. Qg4 Ng6 8. Bd3 Qd7 9. a4 Ba6 10. Bxa6 Nxa6 11. Qe2 Nb8 12. h4 Nc6 13. Nf3 f6 14. h5 Nge7 15. h6 fxe5 16. hxg7 Rg8 17. Rxh7 exd4 18. cxd4 Nf5 19. Bg5 Ncxd4 20. Nxd4 Nxd4 21. Qe5 Nf5 22. Rh8 Qf7 23. g4 Nd6 24. Rxg8+ Qxg8 25. 0-0-0 Kd7 26. Rh1 Nf7 27. Qf6 Re8 28. Bd2 e5 29. g5 d4 30. Kb2 d3 31. Qf5+ Kc6 32. Qe4+ Kd7 33. Qxd3+ Kc8 34. Qh7 Nd8 35. Qf5+ Qe6 36. Qf8 Qd7 37. g8Q Rxf8 38. Qxf8 Qxd2 39. g6 c5 40. Qf5+ Kb8 41. Qxe5+ Kc8 42. Rh7 1-0

[Event "FRA-ch Accession"]
[Site "Agen"]
[Date "2017.08.19"]
[Round "4"]
[White "Valuet, Bertrand"]
[Black "Trouve, Guillaume"]
[Result "0-1"]
[WhiteElo "2310"]
[BlackElo "2214"]
[PlyCount "122"]
[EventDate "2017.08.19"]
[EventType "swiss"]
[EventRounds "9"]
[EventCountry "FRA"]
[SourceTitle "EXT 2019"]
[Source "ChessBase"]
[SourceDate "2018.10.10"]
[SourceVersion "1"]
[SourceVersionDate "2018.10.10"]
[SourceQuality "1"]

1. e4 c5 2. Nf3 d6 3. d4 cxd4 4. Nxd4 Nf6 5. Nc3 e6 6. Be3 Nc6 7. Bc4 Be7 8. Qe2 a6 9. 0-0-0 Qc7 10. Bb3 Na5 11. Kb1 b5 12. Bc1 Bb7 13. Bxe6 fxe6 14. Nxe6 Qc4 15. Qxc4 Nxc4 16. b3 Ne5 17. Nc7+ Kf7 18. Nxa8 Rxa8 19. f3 Rc8 20. Ne2 d5 21. Bb2 Ng6 22. e5 Nd7 23. f4 Nh4 24. Nd4 Nc5 25. g3 Ng6 26. e6+ Kg8 27. Nf5 Nxe6 28. Rhe1 Kf7 29. Ne3 Nc7 30. Ng4 Bf6 31. Bxf6 gxf6 32. Nh6+ Kf8 33. Nf5 Rd8 34. Kb2 Bc8 35. Nd4 Kf7 36. Kc3 Bg4 37. Rd3 Ne8 38. Kb4 Nd6 39. Ka5 Ne4 40. Nc6 Rd6 41. Nd4 Nf8 42. a4 bxa4 43. b4 Nd7 44. Kxa4 Nb6+ 45. Kb3 Nc4 46. Ka2 Rb6 47. c3 Nf2 48. Rde3 Nxe3 49. Rxe3 Rb7 50. Kb3 Bd1+ 51. Ka3 Re7 52. Rxe7+ Kxe7 53. b5 axb5 54. Nxb5 Be2 55. Nd4 Bc4 56. Kb4 Ng4 57. h3 Nf2 58. h4 Ne4 59. g4 Nf2 60. Nf5+ Ke6 61. Ne3 Nd3+ 0-1

[Event "Avoine op 32nd"]
[Site "Avoine"]
[Date "2017.07.23"]
[Round "2"]
[White "Trouve, Guillaume"]
[Black "Feller, Sebastien"]
[Result "0-1"]
[WhiteElo "2214"]
[BlackElo "2569"]
[PlyCount "48"]
[EventDate "2017.07.22"]
[EventType "swiss"]
[EventRounds "9"]
[EventCountry "FRA"]
[SourceTitle "CBM 179 Extra"]
[Source "ChessBase"]
[SourceDate "2017.08.23"]
[SourceVersion "1"]
[SourceVersionDate "2017.08.23"]
[SourceQuality "1"]

1. e4 c6 2. d4 d5 3. e5 Bf5 4. Be3 e6 5. Nd2 Qb6 6. Nb3 a5 7. a4 Bb4+ 8. c3 Be7 9. Be2 Nd7 10. f4 f6 11. Nf3 Nh6 12. h3 fxe5 13. fxe5 Nf7 14. Bf2 0-0 15. 0-0 Ng5 16. Nxg5 Bxg5 17. h4 Be7 18. g4 Be4 19. Nd2 Nxe5 20. Nxe4 dxe4 21. Qc2 Nf3+ 22. Kh1 Qc7 23. Bxf3 Rxf3 24. Kg2 Qf4 0-1

[Event "FRA-ch U16"]
[Site "Belfort"]
[Date "2017.04.22"]
[Round "8.3"]
[White "Trouve, Guillaume"]
[Black "Gatineau, Yovann"]
[Result "0-1"]
[WhiteElo "2134"]
[BlackElo "2214"]
[PlyCount "54"]
[EventDate "2017.04.16"]
[EventType "swiss"]
[EventRounds "9"]
[EventCountry "FRA"]
[SourceTitle "EXT 2019"]
[Source "ChessBase"]
[SourceDate "2018.10.10"]
[SourceVersion "1"]
[SourceVersionDate "2018.10.10"]
[SourceQuality "1"]

1. e4 c5 2. Nf3 e6 3. d4 cxd4 4. Nxd4 Nf6 5. Nc3 Nc6 6. Ndb5 Bb4 7. a3 Bxc3+ 8. Nxc3 d5 9. exd5 exd5 10. Bg5 d4 11. Qe2+ Be6 12. 0-0-0 Qa5 13. Bxf6 gxf6 14. Ne4 0-0-0 15. Qb5 Qc7 16. Kb1 Rd5 17. Qd3 Rhd8 18. Qg3 Ne5 19. Nxf6 Ra5 20. b4 d3 21. Bxd3 Rxa3 22. Ne4 a5 23. Rhe1 f6 24. Qe3 Nxd3 25. Nc5 Ba2+ 26. Ka1 Nxe1 27. Rxd8+ Qxd8 0-1

[Event "FRA-ch U16"]
[Site "Belfort"]
[Date "2017.04.18"]
[Round "4.2"]
[White "Travadon, Loic"]
[Black "Trouve, Guillaume"]
[Result "1/2-1/2"]
[WhiteElo "2348"]
[BlackElo "2134"]
[PlyCount "67"]
[EventDate "2017.04.16"]
[EventType "swiss"]
[EventRounds "9"]
[EventCountry "FRA"]
[SourceTitle "EXT 2019"]
[Source "ChessBase"]
[SourceDate "2018.10.10"]
[SourceVersion "1"]
[SourceVersionDate "2018.10.10"]
[SourceQuality "1"]

1. d4 Nf6 2. c4 e6 3. Nf3 Bb4+ 4. Bd2 a5 5. a3 Be7 6. Nc3 d5 7. Bf4 0-0 8. Rc1 c5 9. dxc5 Bxc5 10. e3 Be7 11. cxd5 exd5 12. h3 Na6 13. Be2 Nc5 14. 0-0 Be6 15. Nd4 Bd6 16. Bxd6 Qxd6 17. Ndb5 Qe7 18. Na4 Rac8 19. Nxc5 Rxc5 20. Rxc5 Qxc5 21. Qd2 Ne4 22. Qxa5 Qc2 23. Nd4 Qxb2 24. Qb4 Qxb4 25. axb4 Rc8 26. Ra1 g6 27. Bd3 Nd6 28. Kf1 Kg7 29. Ke2 Kf6 30. Ra7 Rc7 31. Ra5 Ke7 32. Ra7 Kf6 33. Ra8 Rc8 34. Ra7 1/2-1/2

[Event "Andorra op 34th"]
[Site "Escaldes"]
[Date "2016.08.08"]
[Round "6"]
[White "Caloone, Thomas"]
[Black "Trouve, Guillaume"]
[Result "1-0"]
[WhiteElo "2029"]
[BlackElo "2142"]
[PlyCount "93"]
[EventDate "2016.08.03"]
[EventType "swiss"]
[EventRounds "9"]
[EventCountry "AND"]
[SourceTitle "CBM 173 Extra"]
[Source "ChessBase"]
[SourceDate "2016.08.29"]
[SourceVersion "1"]
[SourceVersionDate "2016.08.29"]
[SourceQuality "1"]

1. e4 c5 2. Nf3 d6 3. Bc4 Nf6 4. d3 Nc6 5. c3 g6 6. 0-0 Bg7 7. h3 0-0 8. Bf4 Na5 9. Na3 Nxc4 10. Nxc4 e5 11. Bg5 h6 12. Bh4 g5 13. Bg3 Nh5 14. Ne3 Nf4 15. h4 g4 16. Nh2 h5 17. f3 Bf6 18. fxg4 Bxh4 19. Bxf4 exf4 20. Nf5 Bg3 21. gxh5 Bxf5 22. exf5 Kh8 23. Qg4 Rg8 24. Qh3 Rg7 25. Rf3 Qg5 26. Nf1 Bh4 27. f6 Qxf6 28. Ne3 Rag8 29. Raf1 Qe7 30. Rxf4 Rg3 31. Nf5 Rxh3 32. Nxe7 Bxe7 33. Rxf7 Bd8 34. Rxb7 Rhg3 35. Rff7 Rxg2+ 36. Kf1 Rg1+ 37. Ke2 R1g7 38. Rxa7 Rg2+ 39. Kf3 R2g3+ 40. Kf2 Rg2+ 41. Kf3 R2g3+ 42. Ke4 Re8+ 43. Kd5 Rxd3+ 44. Kc6 Rd2 45. Rh7+ Kg8 46. Rag7+ Kf8 47. h6 1-0

[Event "Andorra op 34th"]
[Site "Escaldes"]
[Date "2016.08.06"]
[Round "4"]
[White "Riff, Jean Noel"]
[Black "Trouve, Guillaume"]
[Result "1-0"]
[WhiteElo "2483"]
[BlackElo "2142"]
[PlyCount "67"]
[EventDate "2016.08.03"]
[EventType "swiss"]
[EventRounds "9"]
[EventCountry "AND"]
[SourceTitle "CBM 173 Extra"]
[Source "ChessBase"]
[SourceDate "2016.08.29"]
[SourceVersion "1"]
[SourceVersionDate "2016.08.29"]
[SourceQuality "1"]

1. e4 c5 2. Nf3 d6 3. Bc4 Nf6 4. d3 Nc6 5. c3 Bg4 6. Qb3 e6 7. Qxb7 Rc8 8. Bb5 Qc7 9. Qxc7 Rxc7 10. Nbd2 Be7 11. h3 Bxf3 12. Nxf3 0-0 13. Ke2 Rb8 14. Ba4 c4 15. Bc2 cxd3+ 16. Bxd3 d5 17. exd5 exd5 18. Rd1 Bc5 19. Kf1 Re7 20. b4 Bd6 21. Bg5 Ne5 22. Nd4 Nxd3 23. Rxd3 Rc7 24. f3 Be5 25. Bd2 Nh5 26. Re1 Nf4 27. Bxf4 Bxf4 28. Ne2 Be5 29. Rxd5 f6 30. Rc1 Rbc8 31. f4 Bxc3 32. Rxc3 Rxc3 33. Nxc3 Rxc3 34. Rd8+ 1-0

[Event "Andorra op 34th"]
[Site "Escaldes"]
[Date "2016.08.04"]
[Round "2"]
[White "Aloma Vidal, Roberto"]
[Black "Trouve, Guillaume"]
[Result "1-0"]
[WhiteElo "2475"]
[BlackElo "2142"]
[PlyCount "67"]
[EventDate "2016.08.03"]
[EventType "swiss"]
[EventRounds "9"]
[EventCountry "AND"]
[SourceTitle "CBM 173 Extra"]
[Source "ChessBase"]
[SourceDate "2016.08.29"]
[SourceVersion "1"]
[SourceVersionDate "2016.08.29"]
[SourceQuality "1"]

1. d4 Nf6 2. Nf3 e6 3. e3 b6 4. Bd3 Bb7 5. 0-0 Be7 6. c4 0-0 7. Nc3 d5 8. b3 Nbd7 9. Bb2 Ne4 10. Ne2 c5 11. cxd5 exd5 12. Nf4 Rc8 13. Ne5 Nxe5 14. dxe5 c4 15. Bxe4 dxe4 16. bxc4 Rxc4 17. Qg4 Rc2 18. Nh5 g6 19. Bd4 Qc8 20. Qg3 Bc5 21. Nf6+ Kg7 22. Qh4 h6 23. a4 Bxd4 24. exd4 e3 25. Ng4 exf2+ 26. Rxf2 h5 27. Qf6+ Kh7 28. Ne3 Rxf2 29. Qxf2 Qc3 30. Rd1 Bc6 31. e6 Qb4 32. Rf1 Qd6 33. Qf6 Bd5 34. e7 1-0

[Event "FRA-chT U20 Top"]
[Site "Bischwiller"]
[Date "2016.05.14"]
[Round "1"]
[White "Trouve, Guillaume"]
[Black "Broly, Mathilde"]
[Result "1-0"]
[WhiteElo "2142"]
[BlackElo "2072"]
[PlyCount "55"]
[EventDate "2016.05.14"]
[EventType "tourn"]
[EventRounds "11"]
[EventCountry "FRA"]
[SourceTitle "EXT 2019"]
[Source "ChessBase"]
[SourceDate "2018.10.10"]
[SourceVersion "1"]
[SourceVersionDate "2018.10.10"]
[SourceQuality "1"]

1. e4 c5 2. Nf3 d6 3. d4 cxd4 4. Nxd4 Nf6 5. Nc3 a6 6. h3 e5 7. Nde2 Be7 8. g4 h6 9. Bg2 Nc6 10. Be3 b5 11. a3 Na5 12. b3 Qc7 13. Qd2 Be6 14. a4 Bd7 15. axb5 axb5 16. b4 0-0 17. bxa5 b4 18. Nd5 Nxd5 19. exd5 Rxa5 20. 0-0 f5 21. gxf5 Bxf5 22. Ng3 Rxa1 23. Rxa1 Qxc2 24. Nxf5 Qxf5 25. Qxb4 Bg5 26. Qg4 Qc2 27. Be4 Qc6 28. Bc1 1-0

[Event "Small Paris-ch"]
[Site "Paris"]
[Date "2015.07.10"]
[Round "5"]
[White "Mohammad, Fahim"]
[Black "Trouve, Guillaume"]
[Result "1-0"]
[WhiteElo "2071"]
[BlackElo "2053"]
[PlyCount "91"]
[EventDate "2015.07.06"]
[EventType "swiss"]
[EventRounds "7"]
[EventCountry "FRA"]
[SourceTitle "EXT 2016"]
[Source "ChessBase"]
[SourceDate "2015.10.08"]
[SourceVersion "1"]
[SourceVersionDate "2015.10.08"]
[SourceQuality "1"]

1. d4 Nf6 2. Nf3 g6 3. c4 Bg7 4. Nc3 d5 5. cxd5 Nxd5 6. e4 Nxc3 7. bxc3 c5 8. Be3 Qa5 9. Qd2 Nc6 10. Rb1 cxd4 11. cxd4 0-0 12. Qxa5 Nxa5 13. Bd3 b6 14. Ke2 Rd8 15. Rhc1 Bg4 16. d5 Bc8 17. Rc7 e6 18. Rxa7 Rxa7 19. Bxb6 Nc6 20. Bxd8 Nxd8 21. Rb8 Rxa2+ 22. Ke3 Bh6+ 23. Kd4 Bg7+ 24. e5 Ra4+ 25. Kc3 Ra5 26. Rxc8 Rxd5 27. Be4 Bxe5+ 28. Nxe5 Rxe5 29. Rxd8+ Kg7 30. Bf3 Rc5+ 31. Kd4 Rc2 32. Ke3 h5 33. h4 Kf6 34. Rd7 Rc3+ 35. Rd3 Rc2 36. g3 Rc4 37. Rb3 e5 38. Rb7 Rc3+ 39. Ke2 Rc2+ 40. Kf1 Rc1+ 41. Kg2 Ke6 42. Be4 Rc4 43. Rb6+ Ke7 44. Bd5 Rd4 45. Rb7+ Kd6 46. Bxf7 1-0

[Event "Small Paris-ch"]
[Site "Paris"]
[Date "2015.07.08"]
[Round "3"]
[White "Daurelle, Herve"]
[Black "Trouve, Guillaume"]
[Result "1-0"]
[WhiteElo "2167"]
[BlackElo "2053"]
[PlyCount "51"]
[EventDate "2015.07.06"]
[EventType "swiss"]
[EventRounds "7"]
[EventCountry "FRA"]
[SourceTitle "EXT 2016"]
[Source "ChessBase"]
[SourceDate "2015.10.08"]
[SourceVersion "1"]
[SourceVersionDate "2015.10.08"]
[SourceQuality "1"]

1. e4 c5 2. Nf3 d6 3. d4 cxd4 4. Nxd4 Nf6 5. Nc3 e6 6. g4 h6 7. h4 Nc6 8. Rg1 h5 9. gxh5 Nxh5 10. Bg5 Nf6 11. Nxc6 bxc6 12. Qf3 e5 13. Bc4 Be7 14. 0-0-0 Qb6 15. h5 Qd8 16. Bxf6 gxf6 17. Rg7 Be6 18. Bxe6 fxe6 19. Qg4 Kd7 20. Nd5 cxd5 21. exd5 f5 22. Qa4+ Kc8 23. Qc6+ Kb8 24. Rd3 Qb6 25. Rb3 Qxb3 26. axb3 1-0

[Event "FRA-chT U16"]
[Site "Dieppe"]
[Date "2015.??.??"]
[Round "?"]
[White "Coiffait, Pierre Basile"]
[Black "Trouve, Guillaume"]
[Result "1-0"]
[WhiteElo "2052"]
[BlackElo "1912"]
[PlyCount "160"]
[EventDate "2015.05.??"]
[EventType "team-tourn"]
[EventRounds "6"]
[EventCountry "FRA"]
[SourceTitle "EXT 2016"]
[Source "ChessBase"]
[SourceDate "2015.10.08"]
[SourceVersion "1"]
[SourceVersionDate "2015.10.08"]
[SourceQuality "1"]

1. e4 c5 2. Nf3 d6 3. d4 cxd4 4. Nxd4 Nf6 5. f3 e5 6. Nb3 Nc6 7. c4 a5 8. Be3 a4 9. Nc1 Qa5+ 10. Qd2 Qxd2+ 11. Kxd2 Be6 12. Na3 Be7 13. Ne2 0-0 14. Nc3 Nd7 15. Be2 Rfc8 16. Rac1 Na5 17. Nd5 Bf8 18. Nb5 Rc6 19. Ndc7 Rd8 20. Nxe6 fxe6 21. Na7 Ra6 22. Nb5 Rc6 23. Rhd1 Be7 24. Ke1 b6 25. Bd2 Nc5 26. Bxa5 bxa5 27. Rc3 Nd7 28. Rcd3 Nc5 29. Ra3 Rb6 30. Kf1 Kf7 31. Rc3 Rc6 32. Rd2 Nd7 33. Bd1 Nb6 34. b3 axb3 35. axb3 d5 36. cxd5 Rxc3 37. Nxc3 exd5 38. Nxd5 Ke6 39. Be2 Bb4 40. Nc7+ Ke7 41. Rxd8 Kxd8 42. Ne6+ Ke7 43. Nxg7 Nd7 44. Nf5+ Kf6 45. Bc4 Nc5 46. Kf2 Nd7 47. g3 Nb6 48. Bb5 Bd2 49. h4 Nc8 50. Ke2 Bc1 51. Kd1 Ba3 52. Ne3 Nd6 53. Bd7 Bb2 54. Nd5+ Kf7 55. Ke2 Bd4 56. Kf1 h6 57. Kg2 Nb7 58. Bb5 Nd6 59. Bc6 Nc8 60. Nc7 Ne7 61. Bd7 Bc5 62. Be8+ Kf6 63. Kh3 Bd6 64. Nb5 Bb8 65. Na3 Bc7 66. Nc4 Nc8 67. Ne3 Bb8 68. Bd7 Ne7 69. Kg4 Ba7 70. Nc4 Bf2 71. Nxa5 h5+ 72. Kh3 Be1 73. Nc4 Ng6 74. Be8 Bc3 75. Ne3 Bd2 76. Nd5+ Kg7 77. b4 Be1 78. Bxg6 Kxg6 79. b5 Bf2 80. b6 Bc5 1-0

[Event "FRA-chT U16"]
[Site "Dieppe"]
[Date "2015.??.??"]
[Round "?"]
[White "Le, Quan Anh"]
[Black "Trouve, Guillaume"]
[Result "0-1"]
[WhiteElo "1694"]
[BlackElo "1912"]
[PlyCount "104"]
[EventDate "2015.05.??"]
[EventType "team-tourn"]
[EventRounds "6"]
[EventCountry "FRA"]
[SourceTitle "EXT 2016"]
[Source "ChessBase"]
[SourceDate "2015.10.08"]
[SourceVersion "1"]
[SourceVersionDate "2015.10.08"]
[SourceQuality "1"]

1. e4 c5 2. Nf3 d6 3. d4 cxd4 4. Nxd4 Nf6 5. Nc3 e6 6. g3 Nc6 7. Nde2 Be7 8. Bg2 0-0 9. 0-0 Bd7 10. h3 Na5 11. g4 Rc8 12. Kh1 Qc7 13. f4 b5 14. a3 d5 15. e5 Ne4 16. Kh2 Nxc3 17. Nxc3 b4 18. axb4 Bxb4 19. Qd4 Qb8 20. Rf3 Rc4 21. Qd3 Rfc8 22. Bf1 Qc7 23. Qd1 Rc6 24. Bd3 a6 25. h4 Nc4 26. Na2 Be7 27. Kh3 a5 28. c3 Qb7 29. Qc2 g6 30. h5 Rb6 31. hxg6 hxg6 32. Bxg6 Kg7 33. Bh5 d4 34. Qd3 Bb5 35. Qd1 Rd8 36. Qh1 Bc6 37. f5 Nxe5 38. f6+ Bxf6 39. Bh6+ Kg8 40. Qh2 Nxf3 41. Qf4 Be5 42. Qc1 Qe7 43. g5 Be4 44. Bxf3 Bxf3 45. Qe1 Bg7 46. Qg3 Be4 47. Bxg7 Bf5+ 48. Kg2 Kxg7 49. Qh4 Qb7+ 50. Kg3 Qc7+ 51. Kf3 Qc6+ 52. Kf2 Rxb2+ 0-1

[Event "FRA-ch U14"]
[Site "Montbeliard"]
[Date "2014.04.25"]
[Round "7"]
[White "Burri, Quentin"]
[Black "Trouve, Guillaume"]
[Result "1-0"]
[WhiteElo "2093"]
[BlackElo "1950"]
[PlyCount "67"]
[EventDate "2014.04.21"]
[EventType "swiss"]
[EventRounds "9"]
[EventCountry "FRA"]
[SourceTitle "CBM 160 Extra"]
[Source "ChessBase"]
[SourceDate "2014.07.01"]
[SourceVersion "1"]
[SourceVersionDate "2014.07.01"]
[SourceQuality "1"]

1. e4 c5 2. Nf3 d6 3. d4 cxd4 4. Qxd4 a6 5. c4 Nc6 6. Qd2 Bg4 7. Be2 Nf6 8. Nc3 g6 9. b3 Bg7 10. Bb2 0-0 11. 0-0 Qa5 12. Rfd1 Rac8 13. Qe3 Nd7 14. Rab1 Bxf3 15. Bxf3 b5 16. Bg4 Rfd8 17. Qh3 e6 18. cxb5 axb5 19. Be2 Nd4 20. Bf1 Rc7 21. b4 Qb6 22. Qe3 Rdc8 23. Nxb5 e5 24. Nxc7 Rxc7 25. a3 Qb7 26. Rdc1 Nc2 27. Qd3 Qc6 28. Be2 Bh6 29. Rd1 Bf8 30. Rdc1 Qa4 31. Bd1 Ne1 32. Bxa4 Rxc1 33. Bxc1 Nxd3 34. Bxd7 1-0

[Event "FRA-ch U14"]
[Site "Montbeliard"]
[Date "2014.04.24"]
[Round "6"]
[White "Trouve, Guillaume"]
[Black "Ferrari, Louis"]
[Result "1-0"]
[WhiteElo "1950"]
[BlackElo "1862"]
[PlyCount "111"]
[EventDate "2014.04.21"]
[EventType "swiss"]
[EventRounds "9"]
[EventCountry "FRA"]
[SourceTitle "CBM 160 Extra"]
[Source "ChessBase"]
[SourceDate "2014.07.01"]
[SourceVersion "1"]
[SourceVersionDate "2014.07.01"]
[SourceQuality "1"]

1. e4 c6 2. d4 d5 3. e5 Bf5 4. Be3 e6 5. Nd2 Nd7 6. Nb3 Qc7 7. f4 h5 8. Be2 h4 9. h3 Be7 10. Nf3 Nh6 11. 0-0 Nf8 12. Nh2 Qd8 13. Qd2 Be4 14. c4 a5 15. cxd5 Bb4 16. Qc1 Qxd5 17. Bc4 Qd7 18. a3 Be7 19. Nd2 Bd5 20. Bd3 g6 21. Nc4 Qd8 22. b4 axb4 23. axb4 Rxa1 24. Qxa1 b5 25. Na3 Nd7 26. Qb2 Nb6 27. Qd2 0-0 28. Ng4 Nf5 29. Bf2 Qd7 30. Qe1 Ra8 31. Nc2 Ra2 32. Nce3 Rb2 33. Nd1 Bxb4 34. Nf6+ Kg7 35. Nxd7 Bxe1 36. Rxe1 Rd2 37. Nxb6 Rxd3 38. Nxd5 exd5 39. Ne3 Nxd4 40. Bxh4 b4 41. Bf6+ Kf8 42. Kf2 b3 43. g4 Rd2+ 44. Kg3 Ne2+ 45. Kf3 Nd4+ 46. Kg3 Ne2+ 47. Kf3 Nc3 48. e6 Rd3 49. e7+ Ke8 50. Ra1 Na2 51. Ke2 d4 52. Kxd3 b2 53. Rb1 Nc1+ 54. Kxd4 Ne2+ 55. Kd3 Nxf4+ 56. Kc2 1-0

[Event "FRA-ch U14"]
[Site "Montbeliard"]
[Date "2014.04.23"]
[Round "5"]
[White "Ea, Thibault"]
[Black "Trouve, Guillaume"]
[Result "0-1"]
[WhiteElo "1706"]
[BlackElo "1950"]
[PlyCount "84"]
[EventDate "2014.04.21"]
[EventType "swiss"]
[EventRounds "9"]
[EventCountry "FRA"]
[SourceTitle "CBM 160 Extra"]
[Source "ChessBase"]
[SourceDate "2014.07.01"]
[SourceVersion "1"]
[SourceVersionDate "2014.07.01"]
[SourceQuality "1"]

1. e4 c5 2. Nc3 d6 3. Nf3 Nc6 4. g3 Nf6 5. Bg2 e6 6. d3 Be7 7. 0-0 0-0 8. Ng5 h6 9. Nh3 Rb8 10. f4 d5 11. exd5 Nxd5 12. Ne2 f5 13. Bd2 Bf6 14. c3 b6 15. Kh1 Qd7 16. Neg1 Ba6 17. Nf2 Kh8 18. Re1 Nde7 19. Qe2 e5 20. Rad1 Rbe8 21. fxe5 Bxe5 22. c4 Bd4 23. Bc1 Ng6 24. Qf1 Nce5 25. Nfh3 Ng4 26. Rxe8 Qxe8 27. Re1 Qd7 28. Nf3 Bb7 29. Nxd4 Bxg2+ 30. Qxg2 Qxd4 31. Qe2 N6e5 32. Rd1 Rd8 33. Rd2 g5 34. b3 Qa1 35. Qe1 Nf3 36. Qd1 Ne3 37. Bb2+ Qxb2 38. Rxb2 Nxd1 39. Re2 Rxd3 40. Kg2 Nd4 41. Re1 Ne3+ 42. Kh1 Nf3 0-1

[Event "FRA-chT U20"]
[Site "Colmar"]
[Date "2013.12.08"]
[Round "?"]
[White "Trouve, Guillaume"]
[Black "Koch, Pauline"]
[Result "1-0"]
[WhiteElo "1890"]
[BlackElo "1466"]
[PlyCount "45"]
[EventDate "2013.12.07"]
[EventType "swiss"]
[EventRounds "6"]
[EventCountry "FRA"]
[SourceTitle "EXT 2015"]
[Source "ChessBase"]
[SourceDate "2014.11.20"]
[SourceVersion "1"]
[SourceVersionDate "2014.11.20"]
[SourceQuality "1"]

1. e4 c5 2. Nf3 Nc6 3. d4 cxd4 4. Nxd4 Qb6 5. Nb3 Nf6 6. Nc3 e6 7. Be3 Qc7 8. a3 Be7 9. f4 d6 10. Bd3 a6 11. 0-0 b5 12. Qf3 Bb7 13. Qh3 0-0-0 14. a4 b4 15. Nd5 Nxd5 16. exd5 Na5 17. dxe6 fxe6 18. Qxe6+ Rd7 19. Bf5 Nxb3 20. cxb3 Bf6 21. Rac1 Bc6 22. Rxc6 Qxc6 23. Rc1 1-0

[Event "FRA-chT U20"]
[Site "Colmar"]
[Date "2013.12.07"]
[Round "?"]
[White "Ghemet, Malik"]
[Black "Trouve, Guillaume"]
[Result "0-1"]
[WhiteElo "1464"]
[BlackElo "1890"]
[PlyCount "76"]
[EventDate "2013.12.07"]
[EventType "swiss"]
[EventRounds "6"]
[EventCountry "FRA"]
[SourceTitle "EXT 2015"]
[Source "ChessBase"]
[SourceDate "2014.11.20"]
[SourceVersion "1"]
[SourceVersionDate "2014.11.20"]
[SourceQuality "1"]

1. e4 c5 2. Nf3 d6 3. d4 cxd4 4. Nxd4 Nf6 5. Nc3 Bd7 6. Bc4 Nc6 7. 0-0 g6 8. Be3 Bg7 9. Nb3 Ng4 10. Bd2 a6 11. h3 Nf6 12. Be3 b5 13. Bd3 b4 14. Na4 Rb8 15. f3 Ne5 16. Nb6 Rxb6 17. Bxb6 Qxb6+ 18. Kh1 Nh5 19. Kh2 Nxd3 20. cxd3 Be5+ 21. f4 Bxf4+ 22. Rxf4 Nxf4 23. Qf3 Ne6 24. Rc1 Qb5 25. Kh1 a5 26. e5 0-0 27. exd6 exd6 28. Rc7 a4 29. Rb7 Qc6 30. Na5 Qc1+ 31. Kh2 Bc8 32. Rxb4 Qc5 33. Rxa4 Bd7 34. Ra3 Qe5+ 35. Qg3 Qxb2 36. Qxd6 Nf4 37. Kg3 Qxg2+ 38. Kxf4 Qh2+ 0-1

[Event "Sautron op 13th"]
[Site "Sautron"]
[Date "2013.10.??"]
[Round "4"]
[White "Coiffait, Casimir"]
[Black "Trouve, Guillaume"]
[Result "0-1"]
[WhiteElo "1770"]
[BlackElo "1888"]
[PlyCount "52"]
[EventDate "2013.10.26"]
[EventType "swiss"]
[EventRounds "9"]
[EventCountry "FRA"]
[SourceTitle "EXT 2016"]
[Source "ChessBase"]
[SourceDate "2015.10.08"]
[SourceVersion "1"]
[SourceVersionDate "2015.10.08"]
[SourceQuality "1"]

1. d4 Nf6 2. Nf3 g6 3. c4 c5 4. e3 Bg7 5. Nc3 b6 6. Be2 Bb7 7. 0-0 0-0 8. b3 d6 9. Bb2 Nbd7 10. Qc2 e5 11. dxe5 dxe5 12. Rad1 Qe7 13. e4 Ne8 14. Nd5 Bxd5 15. cxd5 Nd6 16. Nd2 f5 17. Nc4 f4 18. Nxd6 Qxd6 19. f3 a6 20. b4 Rfc8 21. bxc5 Nxc5 22. Ba3 Bf8 23. Bxc5 Rxc5 24. Qb2 h5 25. Rc1 Qc7 26. Rb1 Rc2 0-1